Instructor's Manual to Accompany Operations Management Decision Making in the Operations Function
Gespeichert in:
| 1. Verfasser: | |
|---|---|
| Format: | Buch |
| Sprache: | Englisch |
| Veröffentlicht: |
New York
MacGraw-Hill
1985
|
| Ausgabe: | 2. ed. |
| Schlagworte: | |
| Tags: |
Keine Tags, Fügen Sie das erste Tag hinzu!
|
MARC
| LEADER | 00000nam a2200000 4500 | ||
|---|---|---|---|
| 001 | c012451 | ||
| 005 | 20221207074652.9 | ||
| 020 | |a 0-07-055616-4 | ||
| 041 | 0 | |a eng | |
| 044 | |a US | ||
| 245 | 1 | 0 | |a Instructor's Manual to Accompany Operations Management |b Decision Making in the Operations Function |c Roger G. Schroeder |
| 250 | |a 2. ed. | ||
| 264 | 1 | |a New York |b MacGraw-Hill |c 1985 | |
| 300 | |a 364 s. | ||
| 610 | 2 | 0 | |a riadenie operatívne |
| 610 | 2 | 0 | |a procesy rozhodovacie |
| 610 | 2 | 0 | |a manažment |
| 610 | 2 | 0 | |a programovanie lineárne |
| 610 | 2 | 0 | |a analýza finančná |
| 610 | 2 | 0 | |a plánovanie operatívne |
| 610 | 2 | 0 | |a kontrola kvality |
| 610 | 2 | 0 | |a investície |
| 610 | 2 | 0 | |a štúdie prípadové |
| 100 | 1 | |a Schroeder, Roger G. | |